000 00831nam a2200169 a 4500
008 060316s1986 ||||||||||||||||| || u
050 _aTK 7868.D5 Pel
100 _aPelloso, Pierre
245 1 0 _aPractical digital electronics
_ctranslated from original French by John C.C. Nelson
246 _aPratique de l'âelectronique numâerique. English
260 _aChichester [W. Sussex]
_bJohn Wiley and Sons
_c1986
300 _aix, 219 p. : ill.
650 0 _aDIGITAL ELECTRONICS
700 _aNelson, John C.C
995 _aMAIN LIBRARY OPEN ACCESS
_D0.00
_e721569
_FCBU-MAIN LIBRARY (Kitwe)
_H1
_I27.25
_jTK 7868.D5 Pel
_UAVAILABLE
_y016615
_ZMain Library Open Access Collection
995 _aMAIN LIBRARY OPEN ACCESS
_D0.00
_e721570
_FCBU-MAIN LIBRARY (Kitwe)
_H2
_I27.25
_jTK 7868.D5 Pel
_UAVAILABLE
_y016618
_ZMain Library Open Access Collection
999 _c76974
_d76974